| 000 | 01834nam a22003854a 4500 | ||
|---|---|---|---|
| 001 | ebr10152615 | ||
| 003 | CaPaEBR | ||
| 006 | m u | ||
| 007 | cr cn||||||||| | ||
| 008 | 050202s2005 cau sb 000 0 eng | ||
| 010 | _z 2005002944 | ||
| 020 | _z0833037609 (pbk. : alk. paper) | ||
| 040 |
_aCaPaEBR _cCaPaEBR |
||
| 035 | _a(OCoLC)560201914 | ||
| 043 | _an-us--- | ||
| 050 | 1 | 4 |
_aR858 _b.B68 2005eb |
| 082 | 0 | 4 |
_a610/.28 _222 |
| 100 | 1 | _aBower, Anthony G. | |
| 245 | 1 | 4 |
_aThe diffusion and value of healthcare information technology _h[electronic resource] / _cAnthony G. Bower. |
| 246 | 3 | 2 | _aHealthcare |
| 260 |
_aSanta Monica, CA : _bRand Corporation, _c2005. |
||
| 300 | _axxiv, 101 p. | ||
| 500 | _a"MG-272." | ||
| 500 | _a"Prepared for Cerner, General Electric, Hewlett Packard, Johnson & Johnson, and Xerox". | ||
| 504 | _aIncludes bibliographical references. | ||
| 505 | 0 | _aWhy is health information technology (HIT) diffusion and its value important? -- What is the current diffusion of HIT? -- EHR Past and future diffusion in relation to other innovations -- The potential value of wide HIT diffusion -- Should the government intervene to speed diffusion of HIT?. | |
| 533 |
_aElectronic reproduction. _bPalo Alto, Calif. : _cebrary, _d2013. _nAvailable via World Wide Web. _nAccess may be limited to ebrary affiliated libraries. |
||
| 650 | 0 |
_aMedicine _xInformation technology _xEvaluation. |
|
| 650 | 0 |
_aMedicine _xInformation technology _xGovernment policy _zUnited States. |
|
| 650 | 0 |
_aMedical records _xData processing _xCost effectiveness. |
|
| 650 | 0 | _aDiffusion of innovations. | |
| 655 | 7 |
_aElectronic books. _2local |
|
| 710 | 2 | _aebrary, Inc. | |
| 856 | 4 | 0 |
_uhttp://site.ebrary.com/lib/rucke/Doc?id=10152615 _zAn electronic book accessible through the World Wide Web; click to view |
| 999 |
_c192453 _d192453 |
||